Statistics for Diary of a Wimpy Kid

Click here to take the quiz!

General Stats

  • This quiz has been taken 450 times
  • The average score is 10 of 15

Answer Stats

HintAnswer% Correct
The narrator/main characterGreg Heffley
98%
His older brother:Rodrick Heffley
95%
His younger brother:Manny Heffley
91%
His best friends' nameRowley Jefferson
88%
His mom:Susan Heffley
74%
The girl of his admirationsHolly Hills
70%
His dad:Frank Heffley
64%
The author of the series:Jeff Kinney
64%
The name of his brothers' bandLoded Diper
61%
He wrapped himself up in what to prevent hypothermia at swim practice?Toilet Paper
59%
She got pelted with apples at the play:Patty Farrell
55%
The person his best friend looks up to:Joshie
50%
His younger brother's "curse" wordPloopy
37%
The actor that plays him in the movies:Zachary Gordon
29%
He wrote his 4 page Biology paper on what?Chimps
23%

Score Distribution

Percentile by Number Answered

Percent of People with Each Score

Your Score History

You have not taken this quiz